000 00307nam a2200133Ia 4500
008 191201s2011 xx 000 0 und d
082 _a658.5
_bMOO
100 _aMOSHAL,B.S
245 0 _aOrganisational Behaviour
260 _aN. Delhi
_bAne Books
_c2011
300 _a452
650 _aBBA
942 _2ddc
_cBK
999 _c4978
_d4978